01325 a2200265 4500003000500000005001700005010001700022020001500039035002300054040000900077082001500086100003200101245007200133260004500205300007500250505025200325650003200577700002600609856009500635856008700730856007500817942002400892999001900916952012400935NUST20230602152536.0 a 2001270003 a0072132469 a(OCoLC)ocm47180478 cNust00a005.43,NEL1 aNelson, Stephen L.,911296810athe complete reference Office XP /cStephen L. Nelson, Julia Kelly. aNew York :bOsborne/McGraw-Hill,cc2001. axxxv, 1002 p. :bill. ;c23 cm. +e1 computer optical disc (4 3/4 in.) aWhat Is Office (Page-3), Using The Common Office Tools (Page-49), Laying Out A Document (Page-171), MS Excel (Page-349), MS Powerpoint (Page-515), MS Outlook (Page-579), Internet Explorer (Page-653), MS Access (Page-715), MS Publisher (Page-877). 0aIntegrated software.9943861 aKelly, Julia.9112963423Contributor biographical informationuhttp://www.loc.gov/catdir/bios/mh042/2001270003.html423Publisher descriptionuhttp://www.loc.gov/catdir/description/mh024/2001270003.html423Table of contentsuhttp://www.loc.gov/catdir/toc/mh023/2001270003.html 2ddccBKk005.43,NEL c180282d180282 00102ddc4070aMCSbMCScGENd2016-12-12o005.43,NELpMCS28993r2016-12-08w2016-12-12yBKzAlmirah No.81, Shelf No.1